Statistics for Zodiac Signs Quiz #3

Click here to take the quiz!

General Stats

  • This quiz has been taken 109 times
  • The average score is 11 of 12

Answer Stats

HintAnswer% Correct
January 20 - February 18Aquarius
95%
7th SignLibra
95%
Sign before LeoCancer
93%
Sign before VirgoLeo
92%
Opposite of ScorpioTaurus
92%
RamAries
91%
Air, MutableGemini
89%
Earth, CardinalCapricorn
88%
Ruled by NeptunePisces
88%
Taylor Swift is this SignSagittarius
87%
Ruled by PlutoScorpio
86%
2nd Mutable SignVirgo
86%

Score Distribution

Percentile by Number Answered

Percent of People with Each Score

Your Score History

You have not taken this quiz